00898nam a2200241 i 450000100060000000300090000600500170001500700030003200800410003504000220007608000260009824501230012425000120024726000360025930000300029549000300032565000490035570000420040483000380044685200330048499900170051795201220053412720ES-MaACL20230906150359.0t|961031s1993 sp ||||0| spa j aM-BN bspa cM-BN a323.25-057.87(460.41)03aEl movimiento estudiantil canario b: selección de textos y documentos (1966-1982) / cF. Antonio Déniz Ramírez. a1ª ed. aLa Laguna : bBenchomo, c1993. a182 p. : bil. ; c22 cm.1 aColección Tasufra ; v7 4aMovimientos estudiantiles-zCanarias.9152221 aDéniz Ramírez, F. Antonio.9437150 aColección Tasufra ; v79179223 aES-MaACLjL-20067 bR.122468 c12720d12720 00104070aATENEOMbATENEOMcDEPO2d2008-01-17eSCl0oL-20067p1012957r2023-02-23 00:00:00w2023-02-23yMONOGRAFIA